|
|
|
|
| LEADER |
00924cam a2200241 7i4500 |
| 001 |
0000031393 |
| 005 |
20140616090000.0 |
| 090 |
0 |
0 |
|a PHOT 297.56722
|b MAL (CD)
|
| 110 |
2 |
0 |
|a Malaysia External Trade Development Corporation (MATRADE)
|
| 245 |
2 |
0 |
|a MIHAS 2013 - Opening Ceremony :
|b ( 3 April 2013 : Kuala Lumpur Convention Centre, Kuala Lumpur ).
|
| 300 |
# |
# |
|a 482 Photographs:
|b col.;
|c CD - RW.
|
| 500 |
0 |
0 |
|a Photographs
|
| 650 |
0 |
0 |
|a Abu Bakar Koyakutty
|
| 650 |
0 |
0 |
|a A'dzimah Ahmad Ghazali
|
| 650 |
0 |
0 |
|a Mustapa Mohamed, Dato' Sri
|
| 650 |
0 |
0 |
|a Mustafa Mansur, Tan Sri Dato'
|
| 650 |
0 |
0 |
|a Zakaria Kamaruddin, Dato' Haji
|
| 650 |
0 |
0 |
|a Mukhriz Tun Mahathir, Dato' Haji
|
| 650 |
0 |
0 |
|a Dzulkifli Mahmud, Dato'
|
| 650 |
0 |
0 |
|a MATRADE --
|x Photo collection --
|y 2013
|
| 650 |
0 |
0 |
|a MIHAS - Open ceremony --
|y 2013
|
| 650 |
0 |
0 |
|a Wong Lai Sum, Datuk Dr
|
| 999 |
|
|
|a PC00000988
|b Photographs
|c Photographs
|e Business Information Centre
|